| 000 | 01327cam a22003857i 4500 | ||
|---|---|---|---|
| 999 |
_c10580 _d10580 |
||
| 001 | 21673709 | ||
| 003 | GZU | ||
| 005 | 20220609111609.0 | ||
| 008 | 200817s2020 enk 000 0 eng d | ||
| 010 | _a 2019452460 | ||
| 015 |
_aGBC016468 _2bnb |
||
| 016 | 7 |
_a019700383 _2Uk |
|
| 020 |
_a9781472143662 _q(pbk.) |
||
| 020 | _a1472143663 | ||
| 020 | _z9781472143655 (ePub ebook) | ||
| 035 | _a(OCoLC)on1140122844 | ||
| 040 |
_aUKMGB _beng _cUKMGB _erda _dOCLCO _dOCLCF _dNZGPL _dDLC |
||
| 042 | _alccopycat | ||
| 050 | 0 | 0 |
_aHM846 _b.MIL 2020 |
| 100 | 1 |
_aMilne, Gemma, _eauthor. |
|
| 245 | 1 | 0 |
_aSmoke & mirrors : _bhow hype obscures the future and how to see past it / _cGemma Milne. |
| 264 | 1 |
_aLondon : _bRobinson, _c2020. |
|
| 300 |
_axiv, 322 pages ; _c24 cm |
||
| 336 |
_atext _2rdacontent |
||
| 337 |
_aunmediated _2rdamedia |
||
| 338 |
_avolume _2rdacarrier |
||
| 650 | 0 |
_aTechnological innovations _xSocial aspects. |
|
| 650 | 0 | _aSocial prediction. | |
| 650 | 7 |
_aSocial prediction. _2fast _0(OCoLC)fst01122769 |
|
| 650 | 7 |
_aTechnological innovations _xSocial aspects. _2fast _0(OCoLC)fst01145049 |
|
| 776 | 0 | 8 |
_iebook version : _z9781472143655 |
| 906 |
_a7 _bcbc _ccopycat _d3 _encip _f20 _gy-gencatlg |
||
| 942 |
_2lcc _cBK _h846 _iMIL _kHM |
||